Statistics for Action Movies A-Z

Click here to take the quiz!

General Stats

  • This quiz has been taken 258 times
  • The average score is 15 of 26

Answer Stats

DescriptionMovie% Correct
GGiant mutant lizard emerges from the deep to attack TokyoGodzilla
93%
IGenius playboy billionaire invents a weaponized body suitIron Man
91%
DOff-duty cop must kill Euro-terrorists who have seized control of a skyscraperDie Hard
80%
HTeenage tributes battle to the death in a futuristic arenaHunger Games, the
77%
FUndercover cop infiltrates a gang of street racers who are stealing electronicsFast and the Furious, the
76%
TRobot from the future tries to assassinate a womanTerminator, the
76%
ASpace miners encounter an extraterrestrial life form that kills all but one of themAliens
73%
JFormer assassin kills Russian mobsters after one of them kills his dogJohn Wick
73%
RIn the near future, crime-riddled Detroit needs robotic law enforcementRobocop
73%
BSpoiled billionaire must rid Gotham City of crimeBatman Begins
72%
CMusclebound barbarian must kill an evil wizard to avenge his parents' deathConan the Barbarian
71%
LOld black cop and unstable white cop must take down a Los Angeles drug ringLethal Weapon
62%
MDrifter joins a group of women rebels to against a tyrannical ruler in desertMad Max: Fury Road
61%
XIn a world where mutants are discriminated against, they split up in two groupsX-Men
60%
PGiant robots battle monsters from the deepPacific Rim
59%
VMan hunts Dracula with the help of his trusty crossbowVan Helsing
55%
NIt's like L, but funny, and has O.J. Simpson in itNaked Gun, the
43%
QSuper spy must stop a villain who wants to eliminate Bolivia's water supplyQuantum of Solace
40%
WSpace aliens easily conquer Earth but are defeated by germsWar of the Worlds, the
40%
EFast-kicking martial artist battles an evil Hong Kong drug lord in a hall of mirrorsEnter the Dragon
39%
ZThe story of the decade-long manhunt to find Osama Bin LadenZero Dark Thirty
33%
YJames Bond must find out why SPECTRE stole an American space capsuleYou Only Live Twice
30%
KHigh-kicking martial artist goes to Thailand to avenge his brother's defeatKickboxer
29%
UBattleship is taken hostage by mercenariesUnder Siege
23%
OMan wants to find out why he was kidnapped and imprisoned for fifteen yearsOldboy
22%
SCIA agent is accused of planning the assassination of the Russian presidentSalt
11%

Score Distribution

Percentile by Number Answered

Percent of People with Each Score

Your Score History

You have not taken this quiz